000 00631nam a2200241 a 4500
005 20260322212045.0
008 data
010 _a99-462185
020 _a0671776126\0167776134 (pbk.)
020 _a9780671776121\0167776134 (pbk.)
040 _aDonation
099 _aPICOUJ
100 1 _aPicoult, Jodi,
_d1966-
245 1 0 _aPlain truth
_cJodi Picoult.
260 _aNew York
_bPocket Books
_c 2000
300 _aviii, 405 p. ;
_c 24 cm.
650 4 _aAmish
_vfiction
650 4 _aDetective and mystery stories.
650 4 _aLegal stories.
650 4 _aMystery fiction.
650 4 _aTeenage girls
_vfiction
001 data
999 _c1073
_d1073